000 00708nam a22001817a 4500
003 OSt
005 20250321082613.0
008 240903b ||||| |||| 00| 0 eng d
040 _c0
082 _aDPer 808.042 C686 June 2019 - February 2020, v. 70-71, n. 1-4.
100 _aWible, Scott.
_eauthor.
_959989
245 _aUsing design thinking to teach creative problem solving in writing courses /
_cScott Wible.
260 _aUSA ;
_bNational Council of Teachers of English,
_cFebruary 2020.
300 _avolume 71, pages 399-425,
_billustration.
500 _aCollege Composition & Communication, v. 71 n. 2, pages 399-425, December 2019.
700 _aWible, Scott.
_eauthor.
_959989
942 _2ddc
_cPER
999 _c21250
_d21250